|
|
|
|
| LEADER |
00000naa2a2200000 4500 |
| 001 |
678948 |
| 005 |
20250318151110.0 |
| 090 |
|
|
|a 678948
|
| 100 |
|
|
|a 20250304d2024 k||y0rusy50 ca
|
| 101 |
0 |
|
|a rus
|
| 102 |
|
|
|a RU
|
| 135 |
|
|
|a drcn ---uucaa
|
| 200 |
1 |
|
|a Влияние сопел третичного дутья на топочные процессы при сжигании пылевидного топлива в камерной топке
|f К. И. Мальцев
|g науч. рук. А. В. Гиль
|
| 283 |
|
|
|2 RDAcarrier
|
| 320 |
|
|
|a Список литературы: 4 назв
|
| 336 |
|
|
|a Текстовый файл
|
| 463 |
|
1 |
|0 678854
|9 678854
|t Бутаковские чтения
|o сборник статей IV Всероссийской с международным участием молодёжной конференции, 10-12 декабря 2024 г., Томск
|n Изд-во ТПУ
|c Томск
|d 2024
|a Ивашутенко, А. С. (специалист в области электротехники ; 1981-)
|u conference_tpu-2024-C133.pdf
|v С. 269-271
|
| 545 |
1 |
|
|a Экологические проблемы энергетики
|
| 610 |
1 |
|
|a труды учёных ТПУ
|
| 610 |
1 |
|
|a электронный ресурс
|
| 610 |
1 |
|
|a топочная камера
|
| 610 |
1 |
|
|a сжигание
|
| 610 |
1 |
|
|a экологическая эффективность
|
| 700 |
|
1 |
|a Мальцев
|b К. И.
|
| 702 |
|
1 |
|a Гиль
|b А. В.
|c специалист в области теплотехники
|c доцент Томского политехнического университета, кандидат технических наук
|f 1983-
|g Андрей Владимирович
|4 727
|
| 801 |
|
0 |
|a RU
|b 63413507
|c 20250304
|
| 850 |
|
|
|a 63413507
|
| 856 |
4 |
|
|u http://earchive.tpu.ru/handle/11683/85025
|z http://earchive.tpu.ru/handle/11683/85025
|
| 942 |
|
|
|c CF
|